| 000 | 00679nam a2200205 a 4500 | ||
|---|---|---|---|
| 005 | 20191224041826.0 | ||
| 008 | 160826b2006 ck|||||rm||| 00| 0 spa d | ||
| 040 |
_aCO-BoIAVH _cCO-BoIAVH |
||
| 041 | _aspa | ||
| 090 |
_aTE _b0170 |
||
| 100 | 1 | _aZúñiga Upegui, PAmela Tatiana | |
| 245 | 1 | 0 | _aCaracterización taxonómica y ecológica de la ictiofauna presente en el río Túa, departamentos de Boyacá y Casanare, Colombia |
| 260 |
_aIbagué _bUniversidad del Tolima _c2006 |
||
| 300 |
_a35 Paginas _eCD.ROM |
||
| 650 | 1 | 4 | _aFauna |
| 650 | 1 | 4 | _aHábitos Alimenticios |
| 650 | 1 | 4 | _aInventario ictiologico |
| 942 |
_cTESIS _2z |
||
| 945 | _d2008-02-13 | ||
| 999 |
_c6194 _d6194 |
||